[Event "XL Obert Internacional Ciutat de Badalona-Memorial"]
[Site "Centro Civico La Salut, Av. Marques de Sant Mori s"]
[Date "2014.08.02"]
[Round "1"]
[Board "1"]
[White "Malassagne, Isabelle"]
[Black "Grigoryan, Karen H."]
[Result "0-1"]
[WhiteElo "2122"]
[BlackElo "2595"]
[PlyCount "48"]
[EventDate "2014.08.02"]
[EventRounds "9"]
[EventCountry "ESP"]

1. e4 c5 2. Nf3 d6 3. d4 cxd4 4. Nxd4 Nf6 5. Nc3 a6 6. Bc4 e6 7. Bb3 Be7 8. g4
h6 9. Rg1 Nc6 10. Be3 Qc7 11. Qe2 Na5 12. O-O-O b5 13. f3 b4 14. Na4 g6 15. Qd3
Nd7 16. f4 Nxb3+ 17. axb3 Nc5 18. Nxc5 dxc5 19. Nf3 Bb7 20. Ne5 Rd8 21. Qc4 O-O
22. Rxd8 Rxd8 23. Nd3 Qa5 24. Kb1 Bd5 0-1

[Event "XL Obert Internacional Ciutat de Badalona-Memorial"]
[Site "Centro Civico La Salut, Av. Marques de Sant Mori s"]
[Date "2014.08.02"]
[Round "1"]
[Board "2"]
[White "Lopez Martinez, Josep Manuel"]
[Black "Vazquez Moreno, Josep M"]
[Result "1-0"]
[WhiteElo "2549"]
[BlackElo "2114"]
[PlyCount "63"]
[EventDate "2014.08.02"]
[EventRounds "9"]
[EventCountry "ESP"]

1. d4 d5 2. c4 dxc4 3. e4 Nc6 4. Nf3 Nf6 5. Nc3 Bg4 6. d5 Ne5 7. Bf4 Ng6 8. Be3
e5 9. Bxc4 a6 10. h3 Bd7 11. a4 Bd6 12. O-O O-O 13. Re1 h6 14. Bf1 Re8 15. Nd2
Qe7 16. Qb3 Rab8 17. Nc4 Bc5 18. a5 Bxe3 19. Rxe3 Qc5 20. Qa3 Qxa3 21. Rxa3
Red8 22. g3 Ne8 23. Rb3 c6 24. Nb6 cxd5 25. Nxd7 Rxd7 26. exd5 Rc8 27. h4 Re7
28. Rb6 Rd8 29. Ne4 Rxd5 30. Rxg6 fxg6 31. Bc4 Red7 32. Nc3 1-0

[Event "XL Obert Internacional Ciutat de Badalona-Memorial"]
[Site "Centro Civico La Salut, Av. Marques de Sant Mori s"]
[Date "2014.08.02"]
[Round "1"]
[Board "3"]
[White "Del Amo Carbo, Jordi"]
[Black "Narciso Dublan, Marc"]
[Result "0-1"]
[WhiteElo "2112"]
[BlackElo "2515"]
[PlyCount "86"]
[EventDate "2014.08.02"]
[EventRounds "9"]
[EventCountry "ESP"]

1. d4 Nf6 2. c4 e6 3. Nc3 Bb4 4. Qc2 Nc6 5. Nf3 d6 6. e3 O-O 7. a3 Bxc3+ 8.
Qxc3 Qe7 9. Qc2 e5 10. d5 Nb8 11. b4 a5 12. Bb2 Ng4 13. h3 Nh6 14. Be2 axb4 15.
axb4 Rxa1+ 16. Bxa1 f5 17. Nd2 Nd7 18. e4 Qg5 19. g3 Qe7 20. exf5 Nxf5 21. O-O
Nf6 22. Bd3 Nd4 23. Bxd4 exd4 24. Kg2 Qd7 25. Rh1 c5 26. Nf3 b5 27. bxc5 dxc5
28. Ne5 Qd6 29. Re1 bxc4 30. Nxc4 Qxd5+ 31. f3 Qd7 32. g4 Bb7 33. Ne5 Qd6 34.
Qb3+ Bd5 35. Bc4 Re8 36. Nd3 Rxe1 37. Nxe1 Bxc4 38. Qxc4+ Qd5 39. Qb5 c4 40.
Qb8+ Kf7 41. Nc2 Kg6 42. Qf4 d3 43. Ne3 Qg5 0-1

[Event "XL Obert Internacional Ciutat de Badalona-Memorial"]
[Site "Centro Civico La Salut, Av. Marques de Sant Mori s"]
[Date "2014.08.02"]
[Round "1"]
[Board "4"]
[White "Gomez Garrido, Camilo Ernesto"]
[Black "Sanchez Lopez, Juan Manuel"]
[Result "1-0"]
[WhiteElo "2496"]
[BlackElo "2111"]
[PlyCount "61"]
[EventDate "2014.08.02"]
[EventRounds "9"]
[EventCountry "ESP"]

1. e4 c5 2. Nf3 d6 3. d4 cxd4 4. Nxd4 Nf6 5. Nc3 a6 6. Bg5 Nbd7 7. Bc4 e6 8. f4
Qc7 9. Bb3 b5 10. a3 Bb7 11. Bxf6 Nxf6 12. Qd3 Qd7 13. f5 e5 14. Nf3 Rc8 15.
Ng5 d5 16. Nxd5 Bxd5 17. Bxd5 Nxd5 18. exd5 Be7 19. Ne4 Rc4 20. c3 O-O 21. O-O
Rd8 22. Rad1 Bf8 23. Kh1 f6 24. h3 Qf7 25. b3 Rc7 26. c4 Bxa3 27. Ra1 Bb2 28.
Rxa6 bxc4 29. bxc4 Bd4 30. Nd6 Qh5 31. Nb5 1-0

[Event "XL Obert Internacional Ciutat de Badalona-Memorial"]
[Site "Centro Civico La Salut, Av. Marques de Sant Mori s"]
[Date "2014.08.02"]
[Round "1"]
[Board "5"]
[White "Sagues Andreu, Xavier"]
[Black "Cruz, Jonathan"]
[Result "1/2-1/2"]
[WhiteElo "2108"]
[BlackElo "2459"]
[PlyCount "100"]
[EventDate "2014.08.02"]
[EventRounds "9"]
[EventCountry "ESP"]

1. e4 e5 2. f4 d5 3. exd5 e4 4. d3 Qxd5 5. Nc3 Bb4 6. Bd2 Bxc3 7. Bxc3 Ne7 8.
Bxg7 Rg8 9. Bf6 Bg4 10. Be2 Bf5 11. Bxe7 Kxe7 12. Kf1 exd3 13. Bf3 Qb5 14. cxd3
Bxd3+ 15. Ne2 Nc6 16. Qb3 Qxb3 17. axb3 Nd4 18. Rd1 Bxe2+ 19. Bxe2 Rad8 20. Bc4
Kf6 21. Kf2 Rge8 22. Rhe1 Rxe1 23. Rxe1 Rd6 24. Re5 c6 25. b4 Nc2 26. b5 Rd4
27. Rc5 Rd2+ 28. Kg3 cxb5 29. Rxb5 Ne3 30. b3 b6 31. Rh5 Nxc4 32. bxc4 Rc2 33.
Rxh7 Rxc4 34. Rh5 Rb4 35. h4 Re4 36. Kf3 Re8 37. g4 Rb8 38. Rf5+ Kg7 39. Rg5+
Kf6 40. Rf5+ Ke7 41. Re5+ Kf6 42. Rh5 Rb7 43. Rg5 Rc7 44. h5 Rc6 45. Rd5 a5 46.
Rd8 Ke7 47. Ra8 Rc3+ 48. Kg2 Rc2+ 49. Kg3 Rc3+ 50. Kg2 Rc2+ 1/2-1/2

[Event "XL Obert Internacional Ciutat de Badalona-Memorial"]
[Site "Centro Civico La Salut, Av. Marques de Sant Mori s"]
[Date "2014.08.02"]
[Round "1"]
[Board "6"]
[White "Huerga Leache, Mikel"]
[Black "Raghunandan, Kaumandur Srihari"]
[Result "1/2-1/2"]
[WhiteElo "2457"]
[BlackElo "2106"]
[PlyCount "211"]
[EventDate "2014.08.02"]
[EventRounds "9"]
[EventCountry "ESP"]

1. e4 c5 2. Nf3 d6 3. d4 cxd4 4. Nxd4 Nf6 5. f3 e5 6. Nb3 Be7 7. c4 a5 8. Be3
a4 9. N3d2 Qa5 10. Na3 Nc6 11. Be2 O-O 12. O-O Be6 13. Qe1 Nd4 14. Bxd4 exd4
15. f4 Qb6 16. Kh1 Qxb2 17. Nb5 Qb4 18. Nxd4 Qa5 19. Nxe6 fxe6 20. Rb1 Qc7 21.
Qg3 Nd7 22. f5 Nc5 23. fxe6 Nxe6 24. Bg4 Nc5 25. Qh3 Bf6 26. Be6+ Kh8 27. Bf5
g5 28. Rf3 Rae8 29. Rbf1 Qg7 30. Qg4 Bc3 31. Nb1 Be5 32. Qh5 g4 33. Qxg4 Qxg4
34. Bxg4 Rxf3 35. Bxf3 Rf8 36. Rd1 Rf4 37. Nd2 Rh4 38. h3 Nd3 39. Rb1 Nc5 40.
Bg4 Rh6 41. Bf5 Rf6 42. Nf3 Bf4 43. Kg1 Bg3 44. Kf1 Kg7 45. Ke2 h6 46. Ke3 Kf8
47. Nd4 h5 48. Nb5 h4 49. Nc7 Be5 50. Nd5 Rf7 51. Rb5 Rg7 52. Bg4 Rf7 53. Bf3
Kg7 54. Ra5 Bg3 55. Ra8 Rf8 56. Ra7 Rf7 57. Ke2 Be5 58. Ne3 Ne6 59. Nf5+ Kf6
60. Rxa4 Nd4+ 61. Nxd4 Bxd4 62. Ra8 Kg7 63. Kd3 Bc5 64. Kc3 Rf8 65. Rxf8 Kxf8
66. e5 b6 67. e6 Ke7 68. Bd5 Bf2 69. Kb4 Kf6 70. Kc3 Ke7 71. Kd3 Kf6 72. g4
hxg3 73. Ke2 Bd4 74. Kf3 Be5 75. h4 Ke7 76. h5 Kf6 77. h6 Ke7 78. h7 Kf8 79.
Kg4 Ke7 80. Kf5 Bh8 81. Bg2 Be5 82. Bh3 Bh8 83. a4 Bc3 84. Bf1 Bb2 85. Bg2 Bc3
86. Bh3 Bb2 87. Ke4 g2 88. Bxg2 Kxe6 89. Bh3+ Kf7 90. Kd5 Kg7 91. Kxd6 Bd4 92.
Bf5 Bg1 93. Kc6 Bf2 94. Be4 Bg1 95. Bd3 Bf2 96. Kd6 Bg1 97. Ke5 Bf2 98. Ke4 Bg1
99. Kf3 Bc5 100. Ke4 Bg1 101. Kd5 Bf2 102. c5 Bxc5 103. a5 bxa5 104. Kxc5 a4
105. Kb4 a3 106. Kxa3 1/2-1/2

[Event "XL Obert Internacional Ciutat de Badalona-Memorial"]
[Site "Centro Civico La Salut, Av. Marques de Sant Mori s"]
[Date "2014.08.02"]
[Round "1"]
[Board "7"]
[White "Chernyak, Viktoria"]
[Black "Munoz Pantoja, Miguel"]
[Result "1/2-1/2"]
[WhiteElo "2094"]
[BlackElo "2451"]
[PlyCount "169"]
[EventDate "2014.08.02"]
[EventRounds "9"]
[EventCountry "ESP"]

1. e4 d5 2. exd5 Qxd5 3. d4 Nc6 4. Nf3 Bg4 5. Be2 Nf6 6. Be3 O-O-O 7. c4 Qa5+
8. Nc3 e6 9. O-O Bc5 10. a3 Bxf3 11. Bxf3 Bxd4 12. Bxc6 Bxe3 13. Bxb7+ Kxb7 14.
Qf3+ c6 15. Qxe3 Qc7 16. Qf3 Rd2 17. Rad1 Rhd8 18. Rxd2 Rxd2 19. Rd1 Qe5 20. h3
Qd4 21. Rxd2 Qxd2 22. Nd1 Nd7 23. Qb3+ Kc7 24. Qa4 a5 25. Nc3 Qe1+ 26. Kh2 Qe5+
27. g3 Nb6 28. Qb3 Qd4 29. Kg2 Qxc4 30. Qd1 Nd5 31. Qh5 Kb6 32. Qxf7 Nxc3 33.
bxc3 Qxc3 34. a4 Qe5 35. h4 c5 36. Qe8 c4 37. Qd8+ Qc7 38. Qd4+ Kb7 39. Qb2+
Ka6 40. Kh2 c3 41. Qe2+ Ka7 42. Qe3+ Kb8 43. Qxe6 c2 44. Qb3+ Ka8 45. Qf3+ Kb8
46. Qb3+ Kc8 47. Qg8+ Kb7 48. Qb3+ Ka7 49. Qe3+ Qb6 50. Qe7+ Kb8 51. Qe8+ Kb7
52. Qf7+ Kc6 53. Qe6+ Kc7 54. Qe7+ Kb8 55. Qe8+ Kb7 56. Qf7+ Qc7 57. Qb3+ Kc8
58. Qg8+ Kd7 59. Qf7+ Kd6 60. Qf4+ Kc6 61. Qc4+ Kb6 62. Qb3+ Ka7 63. Qe3+ Qb6
64. Qe7+ Ka8 65. Qe8+ Kb7 66. Qf7+ Kc6 67. Qe6+ Kb7 68. Qf7+ Qc7 69. Qb3+ Kc8
70. Qg8+ Kd7 71. Qf7+ Kc6 72. Qc4+ Kd6 73. Qf4+ Kd7 74. Qf7+ Kc8 75. Qg8+ Kd7
76. Qf7+ Kc6 77. Qc4+ Kb6 78. Qb3+ Ka6 79. Qd3+ Ka7 80. Qe3+ Qb6 81. Qe7+ Kb8
82. Qe8+ Kb7 83. Qf7+ Kc6 84. Qe6+ Kb7 85. Qf7+ 1/2-1/2

[Event "XL Obert Internacional Ciutat de Badalona-Memorial"]
[Site "Centro Civico La Salut, Av. Marques de Sant Mori s"]
[Date "2014.08.02"]
[Round "1"]
[Board "8"]
[White "Oliva Castaneda, Kevel"]
[Black "Blasco Coll, Andreu"]
[Result "1-0"]
[WhiteElo "2446"]
[BlackElo "2086"]
[PlyCount "49"]
[EventDate "2014.08.02"]
[EventRounds "9"]
[EventCountry "ESP"]

1. Nf3 Nf6 2. c4 c6 3. Nc3 d5 4. e3 Bf5 5. Qb3 Qb6 6. cxd5 Qxb3 7. axb3 Nxd5 8.
Nxd5 cxd5 9. Nd4 Bd7 10. Nb5 Bxb5 11. Bxb5+ Nc6 12. d4 e6 13. O-O Bd6 14. Bd2
Kd7 15. Bc3 a6 16. Bd3 Nb4 17. Be2 Nc6 18. Ra4 Rhc8 19. Rfa1 Rab8 20. Bd3 Na7
21. f3 Nb5 22. Bd2 Ke7 23. e4 Nxd4 24. Rxd4 Bc5 25. Bb4 1-0

[Event "XL Obert Internacional Ciutat de Badalona-Memorial"]
[Site "Centro Civico La Salut, Av. Marques de Sant Mori s"]
[Date "2014.08.02"]
[Round "1"]
[Board "9"]
[White "Moreno Garcia, Elizabeth Paola"]
[Black "Panelo, Marcelo"]
[Result "0-1"]
[WhiteElo "2077"]
[BlackElo "2445"]
[PlyCount "70"]
[EventDate "2014.08.02"]
[EventRounds "9"]
[EventCountry "ESP"]

1. e4 c5 2. c3 Nf6 3. e5 Nd5 4. d4 cxd4 5. Nf3 e6 6. cxd4 d6 7. Nc3 Nxc3 8.
bxc3 Qc7 9. Bd2 Bd7 10. Bd3 Bc6 11. O-O Nd7 12. Re1 dxe5 13. Nxe5 Nxe5 14. dxe5
O-O-O 15. Qe2 Qd7 16. Bg5 f6 17. exf6 Qxd3 18. Qxe6+ Qd7 19. Rad1 Qxe6 20.
Rxd8+ Kxd8 21. Rxe6 Kc8 22. f7 Ba3 23. Re5 Rf8 24. Rf5 Kd7 25. Be3 Ke6 26. Rh5
h6 27. Bxa7 Rxf7 28. Bd4 Be7 29. Re5+ Kd7 30. Re3 Bf6 31. Bb6 Bd5 32. a4 Kc6
33. a5 Re7 34. Rxe7 Bxe7 35. Bd4 Bf6 0-1

[Event "XL Obert Internacional Ciutat de Badalona-Memorial"]
[Site "Centro Civico La Salut, Av. Marques de Sant Mori s"]
[Date "2014.08.02"]
[Round "1"]
[Board "10"]
[White "Cruz, Filemon"]
[Black "Garcia Mosquera, David"]
[Result "1-0"]
[WhiteElo "2439"]
[BlackElo "2072"]
[PlyCount "78"]
[EventDate "2014.08.02"]
[EventRounds "9"]
[EventCountry "ESP"]

1. Nf3 f5 2. b3 Nf6 3. Bb2 d6 4. d4 e6 5. g3 b6 6. Bg2 Bb7 7. O-O Nbd7 8. c4 d5
9. Nbd2 c6 10. Rc1 Bd6 11. Ne5 Ne4 12. Ndf3 Nxe5 13. Nxe5 Bxe5 14. dxe5 dxc4
15. Rxc4 c5 16. Qc1 Bd5 17. Rc2 h5 18. f3 Ng5 19. h4 Nf7 20. Rd1 Qe7 21. Rcd2
Rd8 22. Rd3 O-O 23. Kf2 Bb7 24. Qf4 Ba6 25. R3d2 Rxd2 26. Rxd2 Rd8 27. Bc3 Rxd2
28. Qxd2 Qd8 29. Ke1 Qxd2+ 30. Kxd2 Bb7 31. Bh3 a5 32. Kd3 Kf8 33. a3 g5 34.
hxg5 Nxg5 35. Bg2 Ke7 36. b4 axb4 37. axb4 Ba6+ 38. Ke3 Kd7 39. bxc5 bxc5 1-0

[Event "XL Obert Internacional Ciutat de Badalona-Memorial"]
[Site "Centro Civico La Salut, Av. Marques de Sant Mori s"]
[Date "2014.08.03"]
[Round "2"]
[Board "1"]
[White "Grigoryan, Karen H."]
[Black "Vehi Bach, Victor Manuel"]
[Result "1-0"]
[WhiteElo "2595"]
[BlackElo "2316"]
[PlyCount "73"]
[EventDate "2014.08.02"]
[EventRounds "9"]
[EventCountry "ESP"]

1. d4 Nf6 2. c4 e6 3. Nc3 Bb4 4. Qc2 O-O 5. a3 Bxc3+ 6. Qxc3 d6 7. Bg5 Nbd7 8.
e3 b6 9. Bd3 c5 10. dxc5 bxc5 11. Ne2 a5 12. b3 Bb7 13. O-O h6 14. Bh4 Qb6 15.
Rab1 Rfe8 16. Rfd1 Qc6 17. f3 d5 18. Rbc1 Qb6 19. cxd5 Bxd5 20. Rb1 e5 21. e4
Be6 22. a4 Nb8 23. Bb5 Nfd7 24. f4 Bg4 25. f5 Bxe2 26. Bxe2 Nf6 27. Bxf6 gxf6
28. Bc4 Rd8 29. Qh3 Kg7 30. Qg4+ Kf8 31. Qh5 Ra7 32. Qxh6+ Ke7 33. Qg7 Rf8 34.
Rd5 Nc6 35. Rd6 Kxd6 36. Qxf8+ Re7 37. Qg7 1-0

[Event "XL Obert Internacional Ciutat de Badalona-Memorial"]
[Site "Centro Civico La Salut, Av. Marques de Sant Mori s"]
[Date "2014.08.03"]
[Round "2"]
[Board "2"]
[White "Vidarte Morales, Arturo"]
[Black "Lopez Martinez, Josep Manuel"]
[Result "1/2-1/2"]
[WhiteElo "2326"]
[BlackElo "2549"]
[PlyCount "162"]
[EventDate "2014.08.02"]
[EventRounds "9"]
[EventCountry "ESP"]

1. e4 c5 2. Nf3 e6 3. d4 cxd4 4. Nxd4 Nf6 5. Bd3 Nc6 6. Nxc6 bxc6 7. O-O e5 8.
c4 Be7 9. Nc3 O-O 10. b3 Bc5 11. Bb2 Bd4 12. Na4 c5 13. Bxd4 cxd4 14. c5 Bb7
15. f3 Nh5 16. Nb2 Qa5 17. Qc2 Rac8 18. Rac1 d6 19. Na4 Nf4 20. Bc4 dxc5 21. g3
d3 22. Bxd3 Nxd3 23. Qxd3 Ba6 24. Qc3 Qxc3 25. Rxc3 Bxf1 26. Kxf1 Rfd8 27. Ke2
c4 28. bxc4 Rd4 29. Nb2 f6 30. h4 h5 31. Ke3 Rd6 32. c5 Ra6 33. a3 Rb6 34. Nd3
Rb1 35. Nb4 Kf7 36. c6 Ke6 37. c7 Kd6 38. Nd5 Rd1 39. Rb3 Rxd5 40. exd5 Rxc7
41. f4 Kxd5 42. fxe5 fxe5 43. Rb5+ Ke6 44. Ra5 Kf5 45. Kf3 g6 46. Ra6 Rc3+ 47.
Kg2 Rc2+ 48. Kf3 e4+ 49. Ke3 Rc3+ 50. Kf2 e3+ 51. Ke2 Rb3 52. Rxa7 Kg4 53. Ra6
Kxg3 54. Rxg6+ Kxh4 55. a4 Ra3 56. a5 Kh3 57. a6 h4 58. a7 Kh2 59. a8=Q Rxa8
60. Kxe3 Ra2 61. Kf3 h3 62. Rg7 Rg2 63. Rh7 Rg8 64. Kf2 Rg5 65. Rh8 Rf5+ 66.
Ke2 Rf4 67. Ke3 Rf6 68. Ke2 Kg2 69. Rg8+ Kh1 70. Rh8 h2 71. Rg8 Rf4 72. Rg7 Ra4
73. Kf2 Ra2+ 74. Kf1 Ra1+ 75. Kf2 Rg1 76. Ra7 Rg2+ 77. Kf3 Rg8 78. Ra1+ Rg1 79.
Ra8 Rf1+ 80. Ke2 Rf7 81. Rg8 Rf6 1/2-1/2

[Event "XL Obert Internacional Ciutat de Badalona-Memorial"]
[Site "Centro Civico La Salut, Av. Marques de Sant Mori s"]
[Date "2014.08.03"]
[Round "2"]
[Board "3"]
[White "Narciso Dublan, Marc"]
[Black "Ibanez Tarradellas, Eduardo"]
[Result "1/2-1/2"]
[WhiteElo "2515"]
[BlackElo "2304"]
[PlyCount "54"]
[EventDate "2014.08.02"]
[EventRounds "9"]
[EventCountry "ESP"]

1. d4 d5 2. c4 Nc6 3. Nc3 dxc4 4. d5 Ne5 5. f4 Nd7 6. e4 Nb6 7. a4 a5 8. Be3 e6
9. Bxb6 cxb6 10. Bxc4 Bb4 11. Bb5+ Kf8 12. d6 Qxd6 13. Qf3 Ne7 14. Rd1 Qc7 15.
Nge2 g6 16. O-O Kg7 17. Kh1 Rd8 18. Rxd8 Qxd8 19. Rd1 Qc7 20. Ng3 Nc6 21. f5
Qe5 22. fxg6 hxg6 23. Rf1 f6 24. Qd3 Qd6 25. Qf3 Qe5 26. Qd3 Qd6 27. Qf3 Qe5
 1/2-1/2

[Event "XL Obert Internacional Ciutat de Badalona-Memorial"]
[Site "Centro Civico La Salut, Av. Marques de Sant Mori s"]
[Date "2014.08.03"]
[Round "2"]
[Board "4"]
[White "Santos Ruiz, Miguel"]
[Black "Gomez Garrido, Camilo Ernesto"]
[Result "1-0"]
[WhiteElo "2306"]
[BlackElo "2496"]
[PlyCount "95"]
[EventDate "2014.08.02"]
[EventRounds "9"]
[EventCountry "ESP"]

1. e4 c5 2. d4 cxd4 3. c3 Nf6 4. e5 Nd5 5. Nf3 e6 6. cxd4 b6 7. Nc3 Nxc3 8.
bxc3 Qc7 9. Bd2 d6 10. Bd3 Nd7 11. Ng5 Bb7 12. O-O dxe5 13. Qh5 g6 14. Qh3 Be7
15. Rae1 Bd5 16. f4 exd4 17. c4 Bxc4 18. f5 Bxd3 19. fxe6 fxe6 20. Nxe6 Qc4 21.
Qf3 Bxf1 22. Ng7+ Kd8 23. Qxa8+ Kc7 24. Bf4+ Bd6 25. Ne6+ Qxe6 26. Qxa7+ Kd8
27. Bg5+ Qe7 28. Rxe7 Bxe7 29. Qa8+ Kc7 30. Bf4+ Bd6 31. Bxd6+ Kxd6 32. Qxh8
Bc4 33. Qxd4+ Bd5 34. a3 Ke6 35. Qg4+ Kd6 36. Qg3+ Ne5 37. Qh4 h5 38. Qd8+ Nd7
39. Qe8 Ne5 40. Qb8+ Ke6 41. Qxb6+ Kf5 42. a4 h4 43. Qf2+ Ke6 44. Qxh4 Bc4 45.
Qd4 Bd5 46. a5 Kd6 47. a6 Nc6 48. Qb6 1-0

[Event "XL Obert Internacional Ciutat de Badalona-Memorial"]
[Site "Centro Civico La Salut, Av. Marques de Sant Mori s"]
[Date "2014.08.03"]
[Round "2"]
[Board "5"]
[White "Piasetski, Leon"]
[Black "Oliva Castaneda, Kevel"]
[Result "0-1"]
[WhiteElo "2274"]
[BlackElo "2446"]
[PlyCount "82"]
[EventDate "2014.08.02"]
[EventRounds "9"]
[EventCountry "ESP"]

1. Nf3 Nf6 2. g3 b5 3. Bg2 Bb7 4. b3 c5 5. c4 e5 6. d3 b4 7. O-O d6 8. e4 Nc6
9. Nbd2 a5 10. a4 Qe7 11. Bh3 g6 12. Nh4 Nd7 13. Ng2 Bg7 14. Ne3 Nd4 15. Nd5
Bxd5 16. cxd5 Nb6 17. Nc4 Nxc4 18. dxc4 h5 19. Be3 h4 20. Kg2 Kd8 21. Bxd4 exd4
22. Qd3 Kc7 23. Rae1 Rh6 24. Bg4 Rah8 25. h3 hxg3 26. fxg3 Be5 27. Re2 R6h7 28.
Ref2 Kd8 29. Rh1 Qg5 30. Re1 Ke8 31. Rfe2 Bf6 32. Rf2 Qe5 33. Rh1 Bg5 34. Re2
Be3 35. Bf3 Kd8 36. Ree1 Re8 37. Rhf1 Rg7 38. Re2 f5 39. exf5 gxf5 40. g4 Reg8
41. Kh1 fxg4 0-1

[Event "XL Obert Internacional Ciutat de Badalona-Memorial"]
[Site "Centro Civico La Salut, Av. Marques de Sant Mori s"]
[Date "2014.08.03"]
[Round "2"]
[Board "6"]
[White "Panelo, Marcelo"]
[Black "Buchenau, Frank"]
[Result "1-0"]
[WhiteElo "2445"]
[BlackElo "2250"]
[PlyCount "62"]
[EventDate "2014.08.02"]
[EventRounds "9"]
[EventCountry "ESP"]

1. d4 e6 2. c4 Nf6 3. Nf3 b6 4. a3 Ba6 5. Qb3 c5 6. d5 exd5 7. cxd5 d6 8. Nc3
g6 9. Bf4 Bg7 10. Qa4+ b5 11. Nxb5 O-O 12. Nc3 Qb6 13. Rb1 Re8 14. e3 Bxf1 15.
Kxf1 Nbd7 16. Nd2 Qd8 17. Nc4 Nb6 18. Nxb6 Qxb6 19. g3 Nh5 20. Kg2 Rab8 21. Ne4
f5 22. Nd2 Nf6 23. Nc4 Qb7 24. Qc6 Qb3 25. Rhc1 Ne4 26. Bxd6 Rbc8 27. Bc7 Re7
28. d6 Nxd6 29. Qxd6 Qb7+ 30. f3 Rcxc7 31. Rd1 Bxb2 1-0

[Event "XL Obert Internacional Ciutat de Badalona-Memorial"]
[Site "Centro Civico La Salut, Av. Marques de Sant Mori s"]
[Date "2014.08.03"]
[Round "2"]
[Board "7"]
[White "Aryan, Chopra"]
[Black "Cruz, Filemon"]
[Result "1-0"]
[WhiteElo "2246"]
[BlackElo "2439"]
[PlyCount "47"]
[EventDate "2014.08.02"]
[EventRounds "9"]
[EventCountry "ESP"]

1. e4 e5 2. Nf3 Nc6 3. Bb5 g6 4. c3 Nge7 5. d4 exd4 6. cxd4 d5 7. exd5 Nxd5 8.
O-O Bg7 9. Re1+ Be6 10. Bg5 Qd6 11. Nbd2 O-O 12. Ne4 Qb4 13. Bxc6 bxc6 14. Qc1
Rab8 15. b3 Rb6 16. Bd2 Qb5 17. Nc5 Rbb8 18. Nxe6 fxe6 19. Rxe6 c5 20. Bh6 Rxf3
21. gxf3 Bxd4 22. Qg5 Bxa1 23. Qxd5 Kh8 24. Re7 1-0

[Event "XL Obert Internacional Ciutat de Badalona-Memorial"]
[Site "Centro Civico La Salut, Av. Marques de Sant Mori s"]
[Date "2014.08.03"]
[Round "2"]
[Board "8"]
[White "Perez Mitjans, Orelvis"]
[Black "Silva Rodriguez, Fernando"]
[Result "1/2-1/2"]
[WhiteElo "2435"]
[BlackElo "2217"]
[PlyCount "91"]
[EventDate "2014.08.02"]
[EventRounds "9"]
[EventCountry "ESP"]

1. e4 e5 2. Nf3 Nc6 3. Nc3 Nf6 4. g3 Bc5 5. Bg2 d6 6. O-O a6 7. d3 h6 8. Nd5
Nxd5 9. exd5 Ne7 10. d4 exd4 11. Nxd4 O-O 12. Qd3 Ng6 13. f4 Qf6 14. Be3 Re8
15. Bf2 Ne7 16. Rfe1 Bd7 17. Be4 c6 18. c4 Rac8 19. Rab1 Ba7 20. Kg2 Rc7 21. b3
cxd5 22. cxd5 Rec8 23. Rbd1 Rc3 24. Qb1 Bg4 25. Rd2 Bc5 26. h3 Bd7 27. Rd3 Ba7
28. Bg1 h5 29. Rxc3 Rxc3 30. Ne2 Bxg1 31. Nxc3 Qxc3 32. Rxg1 Nxd5 33. Qd3 Qb2+
34. Kh1 Nf6 35. Bg2 d5 36. a4 g6 37. Qe3 Ne4 38. Bxe4 dxe4 39. g4 hxg4 40. hxg4
Be6 41. f5 Qxb3 42. Qh6 Bd5 43. fxg6 e3+ 44. Kh2 Qc2+ 45. Kg3 Qc7+ 46. Kh3
 1/2-1/2

[Event "XL Obert Internacional Ciutat de Badalona-Memorial"]
[Site "Centro Civico La Salut, Av. Marques de Sant Mori s"]
[Date "2014.08.03"]
[Round "2"]
[Board "9"]
[White "Herrera Reyes, Jose Antonio"]
[Black "Kohlweyer, Bernd"]
[Result "0-1"]
[WhiteElo "2239"]
[BlackElo "2422"]
[PlyCount "94"]
[EventDate "2014.08.02"]
[EventRounds "9"]
[EventCountry "ESP"]

1. g3 d5 2. Nf3 Nf6 3. Bg2 c6 4. O-O Bf5 5. d3 e6 6. c4 Nbd7 7. b3 Bc5 8. Bb2
O-O 9. Nbd2 Qe7 10. a3 a5 11. Re1 Bg6 12. e4 dxe4 13. Nxe4 Nxe4 14. dxe4 Rfd8
15. Qe2 e5 16. h4 f6 17. Nd2 Nf8 18. Nf1 Ne6 19. h5 Bf7 20. Ne3 Bxe3 21. fxe3
Nc5 22. h6 Nxb3 23. Rad1 gxh6 24. Bc3 Qe6 25. Qf3 Kg7 26. Kh2 Bg6 27. Rf1 Rxd1
28. Rxd1 Nc5 29. Bh3 Bxe4 30. Qe2 Qe7 31. Qd2 Bf3 32. Rf1 Ne4 33. Qc2 Ng5 34.
Bf5 Qxa3 35. g4 h5 36. Bxh7 Nxh7 37. Rxf3 hxg4 38. Rg3 Rh8 39. Rxg4+ Ng5+ 40.
Kg2 Rh5 41. Qd2 Qe7 42. Bxa5 Kh6 43. Qf2 Qe6 44. Qg3 Qf5 45. Bd2 Ne4 46. Rg8
Nxg3 47. e4+ Kh7 0-1

[Event "XL Obert Internacional Ciutat de Badalona-Memorial"]
[Site "Centro Civico La Salut, Av. Marques de Sant Mori s"]
[Date "2014.08.03"]
[Round "2"]
[Board "10"]
[White "Fernandez Cazorla, Antonio"]
[Black "Alarcon Casellas, Rolando"]
[Result "1/2-1/2"]
[WhiteElo "2216"]
[BlackElo "2411"]
[PlyCount "60"]
[EventDate "2014.08.02"]
[EventRounds "9"]
[EventCountry "ESP"]

1. Nf3 Nf6 2. c4 d6 3. d4 c6 4. g3 Qc7 5. Bg2 e5 6. O-O Bg4 7. Nc3 Nbd7 8. b3
Be7 9. Bb2 O-O 10. h3 Bxf3 11. Bxf3 Rfe8 12. e3 Bf8 13. Qc2 h5 14. Rad1 g6 15.
Rd2 Rac8 16. Qb1 a6 17. a4 a5 18. Rfd1 exd4 19. exd4 Bh6 20. Rd3 Bg7 21. Ba3
Nf8 22. d5 c5 23. Nb5 Qd7 24. Bg2 N8h7 25. Bc1 h4 26. Bf4 hxg3 27. fxg3 Bf8 28.
g4 b6 29. Re1 Rxe1+ 30. Qxe1 Re8 1/2-1/2

[Event "XL Obert Internacional Ciutat de Badalona-Memorial"]
[Site "Centro Civico La Salut, Av. Marques de Sant Mori s"]
[Date "2014.08.04"]
[Round "3"]
[Board "1"]
[White "Akshat, Khamparia"]
[Black "Grigoryan, Karen H."]
[Result "0-1"]
[WhiteElo "2362"]
[BlackElo "2595"]
[PlyCount "106"]
[EventDate "2014.08.02"]
[EventRounds "9"]
[EventCountry "ESP"]

1. d4 Nf6 2. c4 g6 3. Nc3 Bg7 4. Bg5 h6 5. Bh4 c5 6. e3 O-O 7. Nf3 d6 8. Be2
Nc6 9. d5 Na5 10. Nd2 e5 11. O-O Qd7 12. h3 Nh7 13. e4 f5 14. exf5 gxf5 15. f4
e4 16. Kh1 Nf6 17. Rg1 Qe8 18. Nf1 Bd7 19. Ne3 a6 20. g4 fxg4 21. hxg4 Nh7 22.
Nf5 Bxf5 23. gxf5 Rxf5 24. Bg4 Rxf4 25. Bg3 Rf6 26. Be6+ Rxe6 27. dxe6 Qxe6 28.
Qxd6 Re8 29. Qxe6+ Rxe6 30. Na4 Ng5 31. Nxc5 Rc6 32. Rad1 Nf3 33. Nxe4 Nxg1 34.
Rxg1 Nxc4 35. b3 Ne3 36. Nd6 Kh7 37. Nxb7 Rc2 38. a4 Bd4 39. Re1 Kg6 40. Bf4
Ng4 41. Bg3 Rc3 42. Re4 Rxg3 43. Rxd4 h5 44. Nc5 h4 45. b4 h3 46. Rf4 Kg5 47.
Rf8 Re3 48. Rf1 Kh4 49. b5 axb5 50. axb5 h2 51. Kg2 Re2+ 52. Kh1 Kg3 53. Nd3
Rd2 0-1

[Event "XL Obert Internacional Ciutat de Badalona-Memorial"]
[Site "Centro Civico La Salut, Av. Marques de Sant Mori s"]
[Date "2014.08.04"]
[Round "3"]
[Board "2"]
[White "Oliva Castaneda, Kevel"]
[Black "Hernando Rodrigo, Julio Antoni"]
[Result "1-0"]
[WhiteElo "2446"]
[BlackElo "2342"]
[PlyCount "57"]
[EventDate "2014.08.02"]
[EventRounds "9"]
[EventCountry "ESP"]

1. Nf3 Nf6 2. c4 b6 3. g3 Bb7 4. Bg2 c5 5. O-O g6 6. Nc3 Bg7 7. d4 cxd4 8. Qxd4
d6 9. Rd1 Nbd7 10. b3 O-O 11. Qh4 a6 12. Be3 Rc8 13. Rac1 Rc7 14. g4 e6 15.
Rxd6 Qa8 16. Rcd1 b5 17. g5 Nh5 18. Rxd7 Rxd7 19. Rxd7 Bxc3 20. Bd4 Bxd4 21.
Qxd4 bxc4 22. Ne5 Bxg2 23. Ng4 h6 24. Nxh6+ Kh7 25. Nxf7 Bc6 26. Ra7 Rxf7 27.
Rxf7+ Kg8 28. Rc7 Bd5 29. Qc5 1-0